Thesis Open Access
URGAA MABRAATEE
<?xml version='1.0' encoding='UTF-8'?>
<record xmlns="http://www.loc.gov/MARC21/slim">
<leader>00000nam##2200000uu#4500</leader>
<datafield tag="502" ind1=" " ind2=" ">
<subfield code="c">Madda Walabu University</subfield>
</datafield>
<controlfield tag="005">20250728122752.0</controlfield>
<controlfield tag="001">13428</controlfield>
<datafield tag="700" ind1=" " ind2=" ">
<subfield code="u">MADDA WALABU UNIVERSITY</subfield>
<subfield code="4">ths</subfield>
<subfield code="a">TAAKKALAA BIRHAANUU (PHD)</subfield>
</datafield>
<datafield tag="856" ind1="4" ind2=" ">
<subfield code="s">1358228</subfield>
<subfield code="z">md5:61c964ad31b2aff47687012709fc03fb</subfield>
<subfield code="u">https://zenodo.org/record/13428/files/Mebrate Urgaa Thesis Xum.pdf</subfield>
</datafield>
<datafield tag="542" ind1=" " ind2=" ">
<subfield code="l">open</subfield>
</datafield>
<datafield tag="260" ind1=" " ind2=" ">
<subfield code="c">2020-08-09</subfield>
</datafield>
<datafield tag="909" ind1="C" ind2="O">
<subfield code="p">user-mwu123-un</subfield>
<subfield code="o">oai:zenodo.org:13428</subfield>
</datafield>
<datafield tag="100" ind1=" " ind2=" ">
<subfield code="u">MADDA WALABU UNIVERSITY</subfield>
<subfield code="a">URGAA MABRAATEE</subfield>
</datafield>
<datafield tag="245" ind1=" " ind2=" ">
<subfield code="a">QAACCESSA MAMMAAKSA OROMOO DIINGDEE AGARSIISAN, HAALA GODINA BAALEE AANAA SINAANAA XIYYEEFFACHUUN</subfield>
</datafield>
<datafield tag="980" ind1=" " ind2=" ">
<subfield code="a">user-mwu123-un</subfield>
</datafield>
<datafield tag="540" ind1=" " ind2=" ">
<subfield code="u">http://www.opendefinition.org/licenses/cc-by</subfield>
<subfield code="a">Creative Commons Attribution</subfield>
</datafield>
<datafield tag="650" ind1="1" ind2="7">
<subfield code="a">cc-by</subfield>
<subfield code="2">opendefinition.org</subfield>
</datafield>
<datafield tag="520" ind1=" " ind2=" ">
<subfield code="a"><p>Qorannoon kun mammaaksota Oromoo dhimma diinagdee irratti xiyyeeffatan, haala Godina Baalee aanaa Sinaanaa qaacceessee dhiheesseera. Mammaaksonni kunneen qorattoota birootiin bal&rsquo;inaan qoratamuu dhabuu isaaniifi mammaaksoota kenniin qaacceessuun bifa barreeffamaatiin dhaloota haaraaf kaa&rsquo;uun qorannoo kanaaf ka&rsquo;umsa ta&rsquo;eera. Maddi odeeffannoo qorannichaatis maanguddoota aanaa Sinaanaa odeeffannoo laataniifi dookumantoota mammaaksotaa bifa barreeffamaatiin jiraniifi kitaabilee garagaraa yoo ta&rsquo;an, odeefkennitoota qorannoo kanaa murteessuuf qorattuun mala iddatteessuu miti-carraa keessaa mala iddatteessuu akkayoofi mala iddatteessuu eerumsaatti dhimma bahuun filattee jirti. Kanumaan walqabatee qorattuun odeeffannoo afgaaffiifi marii garee xiyyeeffannoo taasisun odeeffannoo maanguddootaafi ogeessota waajjira aadaafi Tuuriiizimii irraa odeeffannoo kan funaante yoo ta&rsquo;uu odeefkennitoonni marii garee irratti hirmaatan 14 (Kudha afur) maanguddoota dhiraa 10 (kudhanii)fi maanguddoota dubartii/haadhoolii 4 (afur) mala darbaa dabarsaatiin (eerumsaan) erga filatte booda, tuuta marii garee lama namoota torba torba ofkeessaa qabu wajjin marii garee taasisuudhaan odeeffannoo funnannatee jirti. Dabalataan ogeessota waajjira Aadaafi Turiizimii aanaa Sinaanaa jaha dhiira 3(sadii)fi dubartii 3(sadii) mala iddateessuu kaayyeeffata faayyadamuun filattee odeeffnnoo afgaaffiifi marii garee xiyyeeffanoon funaantee jirti. Odeeffannoon funaanamees mala qaacceessa raga akkamtaatti fayyadamuun ibsaan qaacceffameera. Mammaaksoonni dhimma diinagdee irratti xiyyeeffachuun mammaakaman diinagdee cimsuuf, absaalummaan akka barbaachisu, qusannoon murteessaa akka ta&rsquo;e, ifaajuun dhiinagdee horachuuf dirqama akka ta&rsquo;e, diinagdee horachuun ykn qabachuun kabaja akka qabu, akkasumas namni diinagdee horachuuf abdii akka hin kutanne agarsiisuuf kan mammaakamu akka ta&rsquo;eefi qisaasama diinagdeen walqabatee, rakkoo hanqinni diinagdee fidu, diinagdee qisaasu balaaleeffachuuf, walaalummaa diinagdee horachuun rakkoo fidu, namani diinagdee hin qabneefi argatee dhabe, diingdee horachuuf abdii gara fuulduraa qabu agarsiisuuf mammaaksoonni akka tajaajilan qaaccessa qorrannoo kana keessatti adda baheera. Dhumarratti qaamni dhimmi ilaalatu hundi (beektoonni, qorattoonni, mootummaa akkasumas Waajjirri Aadaafi Turiizimii aanaa sinaanaa xiyyeeffannoo kennee mammaksootaa Oromoo dhimma diinagdee irratti mammakaman walitti qabuun bifa barreeffamaan kaa&rsquo;uufi hawaasa biraatti ittifayydamni isaanii akka dablu akka taasisan qorattuudhaan yaboon kennamee qorannichi goolabameera.2</p></subfield>
</datafield>
<datafield tag="773" ind1=" " ind2=" ">
<subfield code="n">doi</subfield>
<subfield code="i">isVersionOf</subfield>
<subfield code="a">10.20372/nadre:13427</subfield>
</datafield>
<datafield tag="024" ind1=" " ind2=" ">
<subfield code="a">10.20372/nadre:13428</subfield>
<subfield code="2">doi</subfield>
</datafield>
<datafield tag="980" ind1=" " ind2=" ">
<subfield code="a">publication</subfield>
<subfield code="b">thesis</subfield>
</datafield>
</record>
| All versions | This version | |
|---|---|---|
| Views | 0 | 0 |
| Downloads | 0 | 0 |
| Data volume | 0 Bytes | 0 Bytes |
| Unique views | 0 | 0 |
| Unique downloads | 0 | 0 |